| 000 | 00446nam a2200193Ia 4500 | ||
|---|---|---|---|
| 008 | 170918s9999 xx 000 0 und d | ||
| 020 | _a9780152163969 | ||
| 050 | _bL815 1997 | ||
| 100 | _aLocker, Thomas | ||
| 245 | _aWater Dance / | ||
| 245 | _cby Thomas Locker. | ||
| 260 | _aOrlando : | ||
| 260 | _bHarcourt Inc., | ||
| 260 | _c1997 | ||
| 300 | _aunpaged : | ||
| 300 | _bcolored illustration ; | ||
| 300 | _c23cm. | ||
| 500 | _a310 | ||
| 999 |
_c342922 _d342922 |
||